00615nam a22002057a 450000500170000001000130001702000210003003500130005103700160006404000120008008200190009210000250011124500570013626000420019327000440023530000250027950000510030465000300035565000240038520170124110033.0 aA-740227 a817099599c00.00 aA-740227 bCen Lib/Ret aDPLbEN a338.47746bDAS aDash, Satya Narayan  aHandloom industry in india /cby Satya Narayan Dash  aNew DelhibMittal Publications c1995 aA-110, Mohan Garden bNew Delhie110059 axii, 292p.c21cm(Hb) aIncludes bibliographical references and index  aHandloom sectors zIndia  aHistorical aspects